[Event "Eesti klubide mv"]
[Site "Tallinn"]
[Date "2006.03.23"]
[Round "1"]
[White "Vovk, Ilja"]
[Black "Veingold, Aleksander"]
[Result "1/2-1/2"]
[WhiteElo "2265"]
[BlackElo "2505"]
[PlyCount "136"]
[EventDate "2006.03.23"]
[EventType "team"]
[EventRounds "7"]
[EventCountry "EST"]
[SourceDate "2006.04.22"]
[WhiteTeam "Vabaettur 2"]
[BlackTeam "Vabaettur 1"]
[WhiteTeamCountry "EST"]
[BlackTeamCountry "EST"]

1. e4 c5 2. Nf3 d6 3. d4 cxd4 4. Nxd4 Nf6 5. Nc3 Nc6 6. Bg5 e6 7. Qd2 a6 8.
O-O-O Bd7 9. f4 b5 10. Bxf6 gxf6 11. Nxc6 Bxc6 12. Qd4 Be7 13. f5 Qa5 14. a3
Rb8 15. Na2 Qb6 16. Nb4 Qxd4 17. Rxd4 Bb7 18. fxe6 fxe6 19. a4 Kf7 20. axb5
axb5 21. Bxb5 Bxe4 22. Rxe4 Rxb5 23. Nc6 Ra8 24. Kb1 f5 25. Rb4 Rxb4 26. Nxb4
Rg8 27. g3 h5 28. Rf1 h4 29. Rf3 d5 30. Nd3 Bd6 31. Nf4 Bxf4 32. gxf4 Rg1+ 33.
Ka2 Rg2 34. Rh3 Rxc2 35. Rxh4 Rf2 36. Ka3 d4 37. b4 Ke7 38. Kb3 d3 39. Kc3 d2
40. Kc2 Kd6 41. Kd1 Kd5 42. b5 Rf1+ 43. Kxd2 Rb1 44. Ke3 Rxb5 45. Rh6 Rb3+ 46.
Kf2 Rc3 47. Rg6 Rc2+ 48. Kg3 Rc3+ 49. Kf2 Ke4 50. Rxe6+ Kxf4 51. Ra6 Rc2+ 52.
Kf1 Kg4 53. Ra4+ f4 54. Ra3 Rxh2 55. Rb3 Rc2 56. Ra3 Rc6 57. Kf2 Rc2+ 58. Kf1
Rh2 59. Rb3 Rh3 60. Rxh3 Kxh3 61. Kf2 Kh4 62. Kf3 Kg5 63. Kf2 Kg4 64. Kg2 f3+
65. Kf2 Kf4 66. Kf1 Ke3 67. Ke1 f2+ 68. Kf1 Kf3 1/2-1/2

[Event "Eesti klubide mv"]
[Site "Tallinn"]
[Date "2006.03.23"]
[Round "1"]
[White "Kovaljov, Deniss"]
[Black "Karjakin, Sergei"]
[Result "1-0"]
[WhiteElo "2337"]
[BlackElo "2203"]
[PlyCount "51"]
[EventDate "2006.03.23"]
[EventType "team"]
[EventRounds "7"]
[EventCountry "EST"]
[SourceDate "2006.04.22"]
[WhiteTeam "Vabaettur 1"]
[BlackTeam "Vabaettur 2"]
[WhiteTeamCountry "EST"]
[BlackTeamCountry "EST"]

1. d4 Nf6 2. Nf3 e6 3. Bg5 c5 4. e3 Be7 5. Nbd2 b6 6. Bd3 Bb7 7. O-O O-O 8. Qe2
cxd4 9. Bxf6 Bxf6 10. exd4 Nc6 11. c3 g6 12. Rad1 Bg7 13. Rfe1 f5 14. Nc4 Qc7
15. Nce5 Ne7 16. Bb5 d6 17. Nd7 Bxf3 18. Qxf3 Rfe8 19. Rxe6 Kf7 20. Rxe7+ Kxe7
21. Re1+ Be5 22. dxe5 Kf7 23. e6+ Kg7 24. Qd5 a6 25. Qd4+ Kh6 26. Re3 1-0

[Event "Eesti klubide mv"]
[Site "Tallinn"]
[Date "2006.03.23"]
[Round "1"]
[White "Shlõkov, Vitali"]
[Black "Danilov, Nikolai"]
[Result "1/2-1/2"]
[WhiteElo "2277"]
[BlackElo "2315"]
[PlyCount "92"]
[EventDate "2006.03.23"]
[EventType "team"]
[EventRounds "7"]
[EventCountry "EST"]
[SourceDate "2006.04.22"]
[WhiteTeam "Vabaettur 2"]
[BlackTeam "Vabaettur 1"]
[WhiteTeamCountry "EST"]
[BlackTeamCountry "EST"]

1. d4 d5 2. c4 c6 3. cxd5 cxd5 4. Nc3 Nf6 5. Nf3 Nc6 6. Bf4 Bf5 7. e3 e6 8. Bb5
Nd7 9. O-O Be7 10. Rc1 O-O 11. a3 Rc8 12. Na4 Na5 13. Rxc8 Qxc8 14. Qc1 Nc4 15.
b3 Ncb6 16. Nxb6 Nxb6 17. b4 a6 18. Be2 Na4 19. Bc7 f6 20. b5 Qd7 21. bxa6 bxa6
22. Bxa6 Ra8 23. Bb7 Ra7 24. Qc6 Qxc6 25. Bxc6 Nc3 26. Bb8 Ra6 27. Bd7 Bxa3 28.
Nh4 Bd3 29. Ra1 Kf7 30. h3 Ke7 31. Bc8 Ra4 32. Bc7 Bb5 33. Bb6 Bd6 34. Rxa4
Nxa4 35. Ba5 Nb2 36. Bb6 Nc4 37. Ba7 Bb4 38. Bb8 Nb6 39. Bb7 Nd7 40. Bc7 Bd6
41. Ba5 Nb8 42. Bc8 Nc6 43. Bb6 Nb4 44. Nf3 Nd3 45. Ba5 Bb8 46. Bb6 Bd6 1/2-1/2

[Event "Eesti klubide mv"]
[Site "Tallinn"]
[Date "2006.03.23"]
[Round "1"]
[White "Krupenski, Juri"]
[Black "Dubrovin, Robert"]
[Result "1/2-1/2"]
[WhiteElo "2290"]
[BlackElo "2203"]
[PlyCount "39"]
[EventDate "2006.03.23"]
[EventType "team"]
[EventRounds "7"]
[EventCountry "EST"]
[SourceDate "2006.04.22"]
[WhiteTeam "Vabaettur 1"]
[BlackTeam "Vabaettur 2"]
[WhiteTeamCountry "EST"]
[BlackTeamCountry "EST"]

1. e4 c5 2. g3 Nc6 3. Bg2 g6 4. Ne2 Bg7 5. c3 e5 6. d3 Nge7 7. Be3 b6 8. d4 d6
9. dxc5 dxc5 10. Qxd8+ Kxd8 11. a4 Ba6 12. Na3 Na5 13. b4 cxb4 14. cxb4 Nc4 15.
Nxc4 Bxc4 16. Rd1+ Ke8 17. Rc1 Rc8 18. a5 bxa5 19. bxa5 a6 20. Nc3 1/2-1/2

[Event "Eesti klubide mv"]
[Site "Tallinn"]
[Date "2006.03.23"]
[Round "1"]
[White "Sööt, Margus"]
[Black "Krupenski, Igor"]
[Result "1/2-1/2"]
[WhiteElo "2174"]
[BlackElo "2326"]
[PlyCount "24"]
[EventDate "2006.03.23"]
[EventType "team"]
[EventRounds "7"]
[EventCountry "EST"]
[SourceDate "2006.04.22"]
[WhiteTeam "Vabaettur 2"]
[BlackTeam "Vabaettur 1"]
[WhiteTeamCountry "EST"]
[BlackTeamCountry "EST"]

1. e4 e6 2. d4 d5 3. exd5 exd5 4. Bf4 Bd6 5. Bxd6 Qxd6 6. c3 Bf5 7. Bd3 Bxd3 8.
Qxd3 Nf6 9. Ne2 O-O 10. O-O Nbd7 11. Nd2 c6 12. Rfe1 Rae8 1/2-1/2

[Event "Eesti klubide mv"]
[Site "Tallinn"]
[Date "2006.03.23"]
[Round "1"]
[White "Bashkite, Viktoria"]
[Black "Jermolina, Jekaterina"]
[Result "1-0"]
[WhiteElo "2214"]
[BlackElo "1809"]
[PlyCount "57"]
[EventDate "2006.03.23"]
[EventType "team"]
[EventRounds "7"]
[EventCountry "EST"]
[SourceDate "2006.04.22"]
[WhiteTeam "Vabaettur 1"]
[BlackTeam "Vabaettur 2"]
[WhiteTeamCountry "EST"]
[BlackTeamCountry "EST"]

1. e4 e5 2. Nf3 Nc6 3. d4 exd4 4. Nxd4 Nf6 5. Nxc6 bxc6 6. e5 Nd5 7. c4 Nb6 8.
Nc3 Be7 9. Qg4 g6 10. Qe4 O-O 11. Be3 Bb4 12. h4 Bxc3+ 13. bxc3 Re8 14. Rd1 Qe7
15. f4 Qa3 16. Qc2 d6 17. Bd3 dxe5 18. O-O exf4 19. Bd4 Be6 20. Qf2 Nd7 21. c5
Qxa2 22. Qxf4 Qd5 23. Be4 Qh5 24. Bxc6 Qg4 25. Qh6 f6 26. Bxd7 Re7 27. Bxf6 Rf7
28. Bxe6 Qxe6 29. Bd4 1-0

[Event "Eesti klubide mv"]
[Site "Tallinn"]
[Date "2006.03.23"]
[Round "1"]
[White "Shevtshenko, Robert"]
[Black "Kukk, Sander"]
[Result "1/2-1/2"]
[WhiteElo "2396"]
[BlackElo "2176"]
[PlyCount "52"]
[EventDate "2006.03.23"]
[EventType "team"]
[EventRounds "7"]
[EventCountry "EST"]
[SourceDate "2006.04.22"]
[WhiteTeam "Paul Kerese MK"]
[BlackTeam "SK Reval Sport"]
[WhiteTeamCountry "EST"]
[BlackTeamCountry "EST"]

1. e4 e5 2. Nf3 Nc6 3. Bb5 a6 4. Ba4 Nf6 5. O-O b5 6. Bb3 Be7 7. Re1 O-O 8. a4
Bb7 9. d3 d6 10. Nc3 b4 11. Nd5 Nxd5 12. Bxd5 Na5 13. c3 bxc3 14. bxc3 Bxd5 15.
exd5 Rb8 16. Ba3 c5 17. dxc6 Nxc6 18. d4 exd4 19. Nxd4 Nxd4 20. cxd4 Bf6 21.
Rc1 Qb6 22. d5 Rfc8 23. Rc6 Rxc6 24. dxc6 Qxc6 25. Qxd6 Qxd6 26. Bxd6 Rd8
1/2-1/2

[Event "Eesti klubide mv"]
[Site "Tallinn"]
[Date "2006.03.23"]
[Round "1"]
[White "Valner, Uku"]
[Black "Nei, Mati"]
[Result "1-0"]
[WhiteElo "2102"]
[BlackElo "2293"]
[PlyCount "86"]
[EventDate "2006.03.23"]
[EventType "team"]
[EventRounds "7"]
[EventCountry "EST"]
[SourceDate "2006.04.22"]
[WhiteTeam "SK Reval Sport"]
[BlackTeam "Paul Kerese MK"]
[WhiteTeamCountry "EST"]
[BlackTeamCountry "EST"]

1. e4 c6 2. d4 d5 3. exd5 cxd5 4. Bd3 Nc6 5. c3 Qc7 6. Ne2 Bg4 7. f3 Bh5 8. Bf4
Qd7 9. Nd2 e6 10. O-O Bg6 11. Nb3 Bd6 12. Qd2 Nge7 13. Bxd6 Qxd6 14. Nf4 Bxd3
15. Nxd3 O-O 16. f4 Rac8 17. Ne5 Qc7 18. Nc1 Nf5 19. Ncd3 Rfe8 20. Rac1 Nd6 21.
Qe3 Ne7 22. g4 f6 23. Nf3 Ng6 24. Nd2 Nc4 25. Qe2 a5 26. b3 Nd6 27. Qg2 Nf7 28.
f5 exf5 29. gxf5 Nf8 30. Nf4 Kh8 31. Nxd5 Qd8 32. c4 Nd6 33. Rf4 b5 34. Ne4
Nxe4 35. Rxe4 bxc4 36. Rxe8 Qxe8 37. bxc4 Nd7 38. c5 Nb6 39. Rd1 Nxd5 40. Qxd5
Qe2 41. Rf1 h6 42. Qg2 Qd3 43. Qd5 a4 {telefonihelin} 1-0

[Event "Eesti klubide mv"]
[Site "Tallinn"]
[Date "2006.03.23"]
[Round "1"]
[White "Garber, Vjacheslav"]
[Black "Nestor, Kaarel"]
[Result "1/2-1/2"]
[WhiteElo "2170"]
[BlackElo "2069"]
[PlyCount "147"]
[EventDate "2006.03.23"]
[EventType "team"]
[EventRounds "7"]
[EventCountry "EST"]
[SourceDate "2006.04.22"]
[WhiteTeam "Paul Kerese MK"]
[BlackTeam "SK Reval Sport"]
[WhiteTeamCountry "EST"]
[BlackTeamCountry "EST"]

1. d4 Nf6 2. Nf3 d5 3. e3 Bg4 4. c4 c6 5. Nc3 e6 6. Qb3 Qb6 7. Ne5 Bh5 8. Bd3
Nbd7 9. f4 Nxe5 10. dxe5 dxc4 11. Bxc4 Nd5 12. Nxd5 exd5 13. Qxb6 axb6 14. Bd3
Be7 15. O-O f6 16. e6 Rf8 17. f5 g6 18. Bd2 Bc5 19. b4 Bd6 20. a4 Be5 21. Ra3
Ke7 22. e4 dxe4 23. Bxe4 gxf5 24. Bxf5 Bg6 25. g4 Rg8 26. Kh1 h5 27. Bxg6 Rxg6
28. gxh5 Rg4 29. h6 Rh4 30. Rf2 Rg8 31. Raf3 Kxe6 32. Bf4 Bxf4 33. Rxf4 Rxh6
34. Re4+ Kd5 35. Re7 Rhg6 36. Rf1 R8g7 37. Rd1+ Kc4 38. Re4+ Kb3 39. a5 Ka4 40.
Rf4 Re7 41. Rb1 Kb5 42. axb6 Kxb6 43. Rg1 Rh6 44. Rg2 Re1+ 45. Rg1 Re5 46. Rg2
Kb5 47. Rgf2 Rg6 48. h4 Re1+ 49. Kh2 Rb1 50. Rc2 Rgg1 51. Rc5+ Kb6 52. Rcf5
Rh1+ 53. Kg2 Rbg1+ 54. Kf2 Rf1+ 55. Kg2 Rhg1+ 56. Kh2 Rxf4 57. Rxf4 Rg6 58. Kh3
Kb5 59. h5 Rg1 60. Rh4 Rg8 61. h6 Rh8 62. Kg3 f5 63. Kf3 f4 64. Kxf4 Kxb4 65.
h7 c5 66. Ke3+ Kc3 67. Ke4 Kb4 68. Kd5+ Kb5 69. Rh1 b6 70. Rh6 Rd8+ 71. Ke5 Rh8
72. Kd5 Rd8+ 73. Ke5 Rh8 74. Kd5 1/2-1/2

[Event "Eesti klubide mv"]
[Site "Tallinn"]
[Date "2006.03.23"]
[Round "1"]
[White "Keskel, Marko"]
[Black "Ilves, Jüri"]
[Result "1-0"]
[WhiteElo "2151"]
[BlackElo "2096"]
[PlyCount "89"]
[EventDate "2006.03.23"]
[EventType "team"]
[EventRounds "7"]
[EventCountry "EST"]
[SourceDate "2006.04.22"]
[WhiteTeam "SK Reval Sport"]
[BlackTeam "Paul Kerese MK"]
[WhiteTeamCountry "EST"]
[BlackTeamCountry "EST"]

1. e4 c5 2. c4 Nc6 3. Nc3 g6 4. g3 Bg7 5. Bg2 d6 6. d3 Nf6 7. Nge2 Bd7 8. O-O
Qc8 9. f4 Bh3 10. Nd5 Bxg2 11. Kxg2 e6 12. Nxf6+ Bxf6 13. Rb1 Qd7 14. Be3 O-O
15. g4 Bg7 16. f5 exf5 17. gxf5 Be5 18. Qd2 Rfe8 19. Rf3 gxf5 20. Rxf5 Kh8 21.
Rbf1 Rg8+ 22. Kh1 f6 23. d4 cxd4 24. Nxd4 Ne7 25. R5f2 Qg4 26. Qc2 Rg6 27. Rg2
Qh3 28. Rf3 Qh4 29. Rxg6 Nxg6 30. Rf2 Rg8 31. Nf3 Qh3 32. Nxe5 dxe5 33. Qe2 Rf8
34. Bxa7 Nf4 35. Qf3 Qe6 36. Be3 Nd3 37. Rg2 Ne1 38. Qg4 Qxg4 39. Rxg4 Rg8 40.
Rxg8+ Kxg8 41. b4 Kf7 42. a4 Nd3 43. b5 Nb2 44. a5 Nxc4 45. a6 1-0

[Event "Eesti klubide mv"]
[Site "Tallinn"]
[Date "2006.03.23"]
[Round "1"]
[White "Teemäe, Leo"]
[Black "Alasoo, Kaarel"]
[Result "1-0"]
[WhiteElo "2089"]
[BlackElo "1990"]
[PlyCount "37"]
[EventDate "2006.03.23"]
[EventType "team"]
[EventRounds "7"]
[EventCountry "EST"]
[SourceDate "2006.04.22"]
[WhiteTeam "Paul Kerese MK"]
[BlackTeam "SK Reval Sport"]
[WhiteTeamCountry "EST"]
[BlackTeamCountry "EST"]

1. e4 Nf6 2. Nc3 d5 3. exd5 Nxd5 4. Nxd5 Qxd5 5. d4 e5 6. Nf3 e4 7. Ne5 Be6 8.
Bc4 Qd6 9. Bxe6 Qxe6 10. Qe2 Qd5 11. O-O Bd6 12. Re1 f6 13. c4 Qxd4 14. Qh5+
Ke7 15. Qf7+ Kd8 16. Qxg7 Rf8 17. Nf7+ Kc8 18. Nxd6+ Qxd6 19. Bf4 1-0

[Event "Eesti klubide mv"]
[Site "Tallinn"]
[Date "2006.03.23"]
[Round "1"]
[White "Rõtova, Merike"]
[Black "Kruusiauk, Heda"]
[Result "0-1"]
[WhiteElo "1994"]
[BlackElo "2055"]
[PlyCount "72"]
[EventDate "2006.03.23"]
[EventType "team"]
[EventRounds "7"]
[EventCountry "EST"]
[SourceDate "2006.04.22"]
[WhiteTeam "SK Reval Sport"]
[BlackTeam "Paul Kerese MK"]
[WhiteTeamCountry "EST"]
[BlackTeamCountry "EST"]

1. e4 c5 2. Nc3 e6 3. g3 b6 4. Bg2 Bb7 5. d3 Ne7 6. f4 g6 7. Nb5 d6 8. Qe2 a6
9. e5 axb5 10. Bxb7 Ra7 11. Bg2 Nbc6 12. Nf3 Bg7 13. d4 O-O 14. c3 dxe5 15.
dxe5 b4 16. c4 Nf5 17. O-O Ncd4 18. Nxd4 Nxd4 19. Qe4 Nb3 20. Rb1 Rxa2 21. Qc2
Nd4 22. Qe4 Qc7 23. Be3 Rd8 24. Bf2 Nb3 25. Qc2 Nd2 26. Ra1 b3 27. Qc3 Nxf1 28.
Rxf1 Qa7 29. Qxb3 Ra1 30. Qb5 Rxf1+ 31. Bxf1 Bf8 32. g4 Rd1 33. Qc6 Qa1 34. Qg2
Qxb2 35. Qf3 Qc1 36. Be3 Rxf1+ 0-1

[Event "Eesti klubide mv"]
[Site "Tallinn"]
[Date "2006.03.23"]
[Round "1"]
[White "Sepp, Olav"]
[Black "Zjukin, Sergei"]
[Result "1-0"]
[WhiteElo "2487"]
[BlackElo "2366"]
[PlyCount "57"]
[EventDate "2006.03.23"]
[EventType "team"]
[EventRounds "7"]
[EventCountry "EST"]
[SourceDate "2006.04.22"]
[WhiteTeam "Saaremaa MK"]
[BlackTeam "Kadrioru MK"]
[WhiteTeamCountry "EST"]
[BlackTeamCountry "EST"]

1. e4 e5 2. Nf3 Nc6 3. d4 exd4 4. Nxd4 Nf6 5. Nxc6 bxc6 6. e5 Qe7 7. Qe2 Nd5 8.
c4 Ba6 9. b3 g6 10. f4 f6 11. exf6 Nxf6 12. Bb2 O-O-O 13. Nd2 Qf7 14. O-O-O Bg7
15. g3 Nd5 {Goloschapov} 16. Nf3 (16. Ne4 Rhe8 (16... Bxb2+ 17. Qxb2 Ne3 18.
Qa3 Bb7 19. Qxa7 Nxd1 20. Nc5 $18)) 16... Bxb2+ 17. Qxb2 Ne3 18. Ne5 Qf6 19.
Bh3 $1 Nxd1 (19... Nf5) 20. Rxd1 Kb7 21. Bxd7 Ka8 22. Nxc6 Qxb2+ 23. Kxb2 Rdf8
24. c5 (24. h4) (24. Kc3) 24... Bc8 25. b4 Bxd7 26. Rxd7 Kb7 27. Ne5 Rd8 (27...
g5 28. c6+ Kb6 (28... Kc8) 29. Rd5 gxf4 30. b5 a6 31. Nc4+ (31. Nd7+ Ka7 32.
b6+ cxb6 33. Nxf8 Rxf8 34. Rd7+ Kb8) 31... Ka7 32. b6+ Kb8 (32... cxb6 33. Rd7+
Kb8 34. Rb7+ Kc8 35. Nd6+ Kd8 36. Rd7#) 33. Rd7 Rc8 34. gxf4 Rhf8 35. b7 Rce8
36. Rd4) 28. c6+ Kb6 29. Nf7 (29. Nf7 Rdf8 30. Nxh8 Rxh8 31. Kb3 Kxc6 32. Rg7
$18) 1-0

[Event "Eesti klubide mv"]
[Site "Tallinn"]
[Date "2006.03.23"]
[Round "1"]
[White "Shishkov, Andrei"]
[Black "Lauk, Ülar"]
[Result "1/2-1/2"]
[WhiteElo "2378"]
[BlackElo "2398"]
[PlyCount "82"]
[EventDate "2006.03.23"]
[EventType "team"]
[EventRounds "7"]
[EventCountry "EST"]
[SourceDate "2006.04.22"]
[WhiteTeam "Kadrioru MK"]
[BlackTeam "Saaremaa MK"]
[WhiteTeamCountry "EST"]
[BlackTeamCountry "EST"]

1. b4 e5 2. Bb2 d6 3. c4 Nf6 4. e3 Be7 5. a3 O-O 6. Nc3 a5 7. Be2 axb4 8. axb4
Rxa1 9. Qxa1 Nc6 10. b5 Nb4 11. Qa4 d5 12. Ba3 c5 13. bxc6 Nxc6 14. Bxe7 Nxe7
15. Nf3 d4 16. Nb5 Nc6 17. O-O Bg4 18. h3 Bh5 19. Re1 d3 20. Bd1 Ne4 21. Qa1
Qe7 22. Nc3 Nxc3 23. Qxc3 Bxf3 24. Bxf3 e4 25. Bd1 Ra8 26. f3 Ra3 27. Qb2 Qb4
28. Qxb4 Nxb4 29. fxe4 Ra2 30. Bf3 Rxd2 31. Rb1 Nc6 32. Rxb7 g6 33. c5 Rc2 34.
Rd7 Ne5 35. Rd5 f6 36. Kf1 Rc1+ 37. Kf2 Kf7 38. g4 Rc2+ 39. Kg3 g5 40. Bd1 Rd2
41. Ba4 Rc2 1/2-1/2

[Event "Eesti klubide mv"]
[Site "Tallinn"]
[Date "2006.03.23"]
[Round "1"]
[White "Olde, Hendrik"]
[Black "Kuusk, Andres"]
[Result "0-1"]
[WhiteElo "2335"]
[BlackElo "2353"]
[PlyCount "78"]
[EventDate "2006.03.23"]
[EventType "team"]
[EventRounds "7"]
[EventCountry "EST"]
[SourceDate "2006.04.22"]
[WhiteTeam "Kadrioru MK"]
[BlackTeam "Saaremaa MK"]
[WhiteTeamCountry "EST"]
[BlackTeamCountry "EST"]

1. Nf3 Nf6 2. g3 g6 3. Bg2 Bg7 4. O-O O-O 5. d4 d5 6. b3 c5 7. Bb2 Ne4 8. Ne5
Nd7 9. c4 e6 10. e3 b6 11. cxd5 exd5 12. Nd2 Bb7 13. Nxe4 dxe4 14. Nc4 Qe7 15.
Rc1 Rfd8 16. Qe2 Rac8 17. Rfd1 Bd5 18. Bh3 f5 19. Bf1 Bf7 20. Ba3 Qf6 21. Rd2
cxd4 22. exd4 Bh6 23. Ne3 Rxc1 24. Bxc1 Qd6 25. Rc2 Bg7 26. Nc4 Qe6 27. Bb2 Nf6
28. Ne5 Nd5 29. Qe1 Qe8 30. Bc4 Be6 31. a4 Bf8 32. f3 Nb4 33. Bxe6+ Qxe6 34.
Rc4 exf3 35. Rxb4 Bxb4 36. Qxb4 Rc8 37. Ba3 Qd5 38. Nd3 Qe4 39. Qe1 f2+ 0-1

[Event "Eesti klubide mv"]
[Site "Tallinn"]
[Date "2006.03.23"]
[Round "1"]
[White "Siemer, Tambet"]
[Black "Rauk, Tõnu"]
[Result "1/2-1/2"]
[WhiteElo "2171"]
[BlackElo "2200"]
[PlyCount "124"]
[EventDate "2006.03.23"]
[EventType "team"]
[EventRounds "7"]
[EventCountry "EST"]
[SourceDate "2006.04.22"]
[WhiteTeam "Saaremaa MK"]
[BlackTeam "Kadrioru MK"]
[WhiteTeamCountry "EST"]
[BlackTeamCountry "EST"]

1. d4 Nf6 2. c4 e6 3. Nf3 b6 4. Bg5 Bb7 5. Nc3 d5 6. e3 Be7 7. cxd5 exd5 8. Bd3
O-O 9. Rc1 c5 10. O-O Nbd7 11. Ne2 Ne4 12. Bxe7 Qxe7 13. Nf4 Rfd8 14. Qe2 Rac8
15. Ba6 Nf8 16. Bxb7 Qxb7 17. Rfd1 Ne6 18. Nxe6 fxe6 19. Ne5 Nd6 20. Qg4 Qe7
21. h4 Nf7 22. Nd3 e5 23. dxc5 bxc5 24. b4 c4 25. Nc5 Rb8 26. a3 a5 27. Qe6
Qxe6 28. Nxe6 Rd6 29. Nc7 axb4 30. axb4 Rxb4 31. Nxd5 Rb5 32. e4 Rc5 33. Rc3
Rh6 34. g3 Nd6 35. Ne3 Nxe4 36. Rxc4 Rxc4 37. Nxc4 Rf6 38. Nxe5 h6 39. Rd8+ Kh7
40. Ng4 Rg6 41. Ne3 Rf6 42. Nd1 Rf7 43. Kg2 Ra7 44. Rd4 Nf6 45. Ne3 Ra5 46. g4
Kg6 47. f3 Kf7 48. Kg3 Ra3 49. Nf5 Ra5 50. Rb4 Rd5 51. Rb7+ Rd7 52. Rb8 Rd5 53.
Kf4 Rd7 54. g5 Nd5+ 55. Ke5 Ne7 56. Nd6+ Kg6 57. Ke6 Nc6 58. Re8 Rd8 59. gxh6
Rxe8+ 60. Nxe8 Kxh6 61. f4 Nd4+ 62. Kf7 Nf5 1/2-1/2

[Event "Eesti klubide mv"]
[Site "Tallinn"]
[Date "2006.03.23"]
[Round "1"]
[White "Külaots, Kaido"]
[Black "Malinin, Juri"]
[Result "1-0"]
[WhiteElo "2567"]
[BlackElo "2358"]
[PlyCount "67"]
[EventDate "2006.03.23"]
[EventType "team"]
[EventRounds "7"]
[EventCountry "EST"]
[SourceDate "2006.04.22"]
[WhiteTeam "Viljandi MS"]
[BlackTeam "Narva Maletäht"]
[WhiteTeamCountry "EST"]
[BlackTeamCountry "EST"]

1. e4 c5 2. Nf3 d6 3. d4 cxd4 4. Nxd4 Nf6 5. Nc3 Nc6 6. Bg5 Bd7 7. Qd2 Rc8 8.
f4 h6 9. Bxf6 gxf6 10. Nf5 Qa5 11. Bd3 e6 12. Ne3 Qc5 13. a3 a6 14. O-O h5 15.
Kh1 h4 16. h3 Be7 17. Rad1 b5 18. Ne2 Rc7 19. c3 Qb6 20. b4 Kd8 21. Rb1 Kc8 22.
a4 Kb8 23. c4 Rhc8 24. cxb5 axb5 25. Bxb5 Nd8 26. Bxd7 Rxd7 27. a5 Qb7 28. Qd3
Rdc7 29. b5 Rc5 30. Rb3 f5 31. exf5 d5 32. Ng4 Rc4 33. Ne5 Re4 34. a6 1-0

[Event "Eesti klubide mv"]
[Site "Tallinn"]
[Date "2006.03.23"]
[Round "1"]
[White "Sõskov, Vjacheslav"]
[Black "Kanep, Meelis"]
[Result "0-1"]
[WhiteElo "2239"]
[BlackElo "2528"]
[PlyCount "50"]
[EventDate "2006.03.23"]
[EventType "team"]
[EventRounds "7"]
[EventCountry "EST"]
[SourceDate "2006.04.22"]
[WhiteTeam "Narva Maletäht"]
[BlackTeam "Viljandi MS"]
[WhiteTeamCountry "EST"]
[BlackTeamCountry "EST"]

1. e4 c5 2. Nf3 d6 3. d4 cxd4 4. Nxd4 Nf6 5. Nc3 a6 6. f3 b5 7. Be3 Nbd7 8. g4
h6 9. Qd2 e6 10. h4 Ne5 11. Bd3 b4 12. Nce2 d5 13. exd5 Nxd5 14. O-O-O Bc5 15.
Bf4 Nxd3+ 16. Qxd3 Nxf4 17. Nxf4 O-O 18. Nh5 Bb7 19. Qe3 Qd5 20. Rd3 Rfd8 21.
Rhd1 e5 22. Nxg7 exd4 23. Qxh6 Bf8 24. Rxd4 Bxg7 25. Rxd5 Bxh6+ 0-1

[Event "Eesti klubide mv"]
[Site "Tallinn"]
[Date "2006.03.23"]
[Round "1"]
[White "Seeman, Tarvo"]
[Black "Tolmatshov, Eduard"]
[Result "1-0"]
[WhiteElo "2445"]
[BlackElo "2234"]
[PlyCount "85"]
[EventDate "2006.03.23"]
[EventType "team"]
[EventRounds "7"]
[EventCountry "EST"]
[SourceDate "2006.04.22"]
[WhiteTeam "Viljandi MS"]
[BlackTeam "Narva Maletäht"]
[WhiteTeamCountry "EST"]
[BlackTeamCountry "EST"]

1. c4 e5 2. Nc3 Nf6 3. Nf3 Nc6 4. a3 a5 5. e3 Be7 6. Be2 O-O 7. O-O d6 8. d4
Re8 9. d5 Nb8 10. e4 Nbd7 11. Be3 Nf8 12. Ne1 Ng6 13. Nd3 h6 14. c5 dxc5 15.
Nxc5 Nf4 16. Bb5 Rf8 17. f3 Ne8 18. Nd3 Nxd3 19. Bxd3 Bd7 20. Kh1 Nd6 21. f4
exf4 22. Bxf4 f6 23. Qe1 Nf7 24. e5 fxe5 25. Qe4 Bf5 26. Qxf5 Ng5 27. Qxe5 Bd6
28. Bxg5 Bxe5 29. Bxd8 Rxf1+ 30. Rxf1 Rxd8 31. Bc4 Kh8 32. Re1 Bf6 33. g3 c6
34. dxc6 bxc6 35. Kg2 Rd4 36. Re8+ Kh7 37. Bg8+ Kg6 38. Ne2 Rd2 39. Kf3 Bxb2
40. Nf4+ Kf5 41. Bh7+ g6 42. Bxg6+ Kf6 43. Re6+ 1-0

[Event "Eesti klubide mv"]
[Site "Tallinn"]
[Date "2006.03.23"]
[Round "1"]
[White "Korstin, Maris"]
[Black "Kärner, Hillar"]
[Result "1/2-1/2"]
[WhiteElo "2218"]
[BlackElo "2297"]
[PlyCount "97"]
[EventDate "2006.03.23"]
[EventType "team"]
[EventRounds "7"]
[EventCountry "EST"]
[SourceDate "2006.04.22"]
[WhiteTeam "Narva Maletäht"]
[BlackTeam "Viljandi MS"]
[WhiteTeamCountry "EST"]
[BlackTeamCountry "EST"]

1. g3 g6 2. Bg2 Bg7 3. Nf3 e5 4. O-O d5 5. c4 c6 6. Qa4 Nd7 7. d3 Ne7 8. cxd5
cxd5 9. Nc3 O-O 10. Bg5 f6 11. Bd2 Nb6 12. Qb3 Be6 13. a4 Bf7 14. Qa3 Qd7 15.
Rfc1 Nbc8 16. Nb5 Nc6 17. a5 a6 18. Nc3 N8a7 19. Na4 Nb5 20. Nb6 Qe8 21. Qa4
Rd8 22. Bb4 Nxb4 23. Qxb4 Qe6 24. e3 Rfe8 25. d4 Bf8 26. Qd2 e4 27. Ne1 Re7 28.
Nc2 h5 29. Na3 Be8 30. Nb1 h4 31. Nc3 Rh7 32. Bf1 Bb4 33. Qc2 Nxc3 34. bxc3
Bxa5 35. Rxa5 Qxb6 36. Qa2 hxg3 37. fxg3 Bf7 38. Rb1 Qc7 39. Rc5 Qd7 40. Rb6
Kg7 41. Qf2 Qe7 42. Qf4 Rd7 43. h4 Qd8 44. Rb2 g5 45. hxg5 fxg5 46. Qf5 Bg6 47.
Qe6 Bf7 48. Qf5 Bg6 49. Qe6 1/2-1/2

[Event "Eesti klubide mv"]
[Site "Tallinn"]
[Date "2006.03.23"]
[Round "1"]
[White "Elmaste, Gert"]
[Black "Jezhov, Roman"]
[Result "0-1"]
[WhiteElo "2222"]
[BlackElo "2108"]
[PlyCount "70"]
[EventDate "2006.03.23"]
[EventType "team"]
[EventRounds "7"]
[EventCountry "EST"]
[SourceDate "2006.04.22"]
[WhiteTeam "Viljandi MS"]
[BlackTeam "Narva Maletäht"]
[WhiteTeamCountry "EST"]
[BlackTeamCountry "EST"]

1. e4 e5 2. Nf3 Nc6 3. Bc4 Nf6 4. d3 Bc5 5. Nc3 h6 6. h3 O-O 7. O-O d6 8. Be3
Bb6 9. Qd2 Be6 10. Bb3 Qd7 11. Rae1 Rae8 12. Nh2 d5 13. Bxb6 axb6 14. exd5 Nxd5
15. Nf3 Nxc3 16. Qxc3 Bxb3 17. axb3 Qd6 18. Re2 Re6 19. Rfe1 Rfe8 20. Re3 b5
21. Qd2 f5 22. Qc1 Nb4 23. Nh4 g6 24. g3 Kh7 25. Nf3 g5 26. Qd2 e4 27. Nh2 f4
28. gxf4 gxf4 29. R3e2 e3 30. fxe3 fxe3 31. Qc3 Nd5 32. Qd4 Qg3+ 33. Kh1 Nf4
34. Rf1 Nxe2 35. Rf7+ Kg8 0-1